| 000 | 01009nam a22002897a 4500 | ||
|---|---|---|---|
| 001 | 5076 | ||
| 003 | FISKH | ||
| 005 | 20241105092353.0 | ||
| 008 | 241105b cb ||||| |||| 00| 0 eng d | ||
| 020 | _a9780439129725 | ||
| 040 |
_aFISKH _beng _cFISKH _dFISKH |
||
| 050 | _aE185.W474 | ||
| 082 | _a170.835 | ||
| 100 | _aWilliams, Terrie | ||
| 245 |
_aStay Strong : _bSimple Life Lessons for Teens / _cby Terrie Williams : With an introduction by Queen Latifah |
||
| 250 | _aFirst Scholastic paperback printing, October 2001 | ||
| 260 |
_aNew York : _bScholatic ; _c2001. |
||
| 300 |
_a219 pages : _billustrations ; _c24 cm . |
||
| 505 | _aZ | ||
| 520 | _aTerrie Williams recounts the experiences she has had during her career as head of her own public relations firm and profiles the artists she has met. | ||
| 521 | 8 |
_a890
_bLexile |
|
| 521 | 8 |
_aZ
_bRaz-Plus |
|
| 650 |
_aself-help _vnon-fiction |
||
| 700 |
_aLatifah, Queen _eillustrator |
||
| 942 |
_2ddc _cBK _n0 |
||
| 999 |
_c5076 _d5076 |
||